karin viard nominations césars - Statistiques

Statistiques générales
  • Ce quiz a été pris 53 fois
  • Le résultat moyen est 4 sur 10
Statistiques - réponses
Hint Réponse % Correct
2000 haut les coeurs
65%
2015 la famille bélier
65%
2012 polisse
61%
2003 embrassez qui vous voudrez
52%
2011 potiche
35%
1994 la nage indienne
30%
1998 les randonneurs
26%
2009 paris
26%
2016 21 nuits avec Pattie
17%
2005 le rôle de sa vie
17%
Aucun quiz correspondant
Distribution des résultats
% des personnes avec chaque résultat
Percentile par nombre de réponses
Votre historique - résultats
Vous n’avez pas pris ce quiz